| 000 -LEADER |
| fixed length control field |
00376cam a22001217a 4500 |
| 008 - FIXED-LENGTH DATA ELEMENTS--GENERAL INFORMATION |
| fixed length control field |
180718b xxu||||| |||| 00| 0 eng d |
| 082 ## - DEWEY DECIMAL CLASSIFICATION NUMBER |
| Classification number |
A44x54 SU76/66-5 |
| 100 ## - MAIN ENTRY--PERSONAL NAME |
| Personal name |
Gopalakrishnan,R |
| 245 ## - TITLE STATEMENT |
| Title |
Supreme court encyclopaedia |
| Statement of responsibility, etc. |
by R. Gopalakrishnan |
| 260 ## - PUBLICATION, DISTRIBUTION, ETC. |
| Place of publication, distribution, etc. |
New Delhi |
| Name of publisher, distributor, etc. |
Supreme Court |
| Date of publication, distribution, etc. |
|
| 300 ## - PHYSICAL DESCRIPTION |
| Extent |
vi, 412p |
| 650 ## - SUBJECT ADDED ENTRY--TOPICAL TERM |
| Topical term or geographic name entry element |
Law reports, digests, etc. --India. [from old catalog] |